New Jersey Highway Intersections Quiz Stats

 Plays Quiz not verified by Sporcle

Support Sporcle.
Go Orange.
Score 0/89 Timer 08:00
0 Plays Today
Route Municipality % Correct
U.S. Route 1Newark
89.8%
U.S. Route 1Newark
89.8%
U.S. Route 1Newark
89.8%
U.S. Route 9Newark
89.8%
U.S. Route 9Newark
89.8%
U.S. Route 9Newark
89.8%
Interstate 78Newark
89.8%
U.S. Route 1Trenton
87.9%
U.S. Route 30Camden
80.6%
Interstate 76Camden
80.6%
U.S. Route 1Edison
79.6%
Interstate 95Edison
79.6%
U.S. Route 1Woodbridge
78.6%
U.S. Route 9Woodbridge
78.6%
U.S. Route 206Lawrence (Mercer)
76.8%
U.S. Route 1Fort Lee
76.2%
U.S. Route 9Fort Lee
76.2%
U.S. Route 22Bridgewater
76.2%
U.S. Route 22Bridgewater
76.2%
U.S. Route 22Bridgewater
76.2%
U.S. Route 46Fort Lee
76.2%
U.S. Route 202Bridgewater
76.2%
U.S. Route 202Bridgewater
76.2%
U.S. Route 206Bridgewater
76.2%
U.S. Route 1Lawrence (Mercer)
75.2%
Interstate 95Elizabeth
75.2%
U.S. Route 46Parsippany-Troy Hills
72.8%
U.S. Route 46Parsippany-Troy Hills
72.8%
U.S. Route 46Parsippany-Troy Hills
72.8%
Interstate 80Parsippany-Troy Hills
72.8%
Route Municipality % Correct
Interstate 80Parsippany-Troy Hills
72.8%
U.S. Route 202Parsippany-Troy Hills
72.8%
U.S. Route 40Hamilton (Atlantic)
72.3%
U.S. Route 130Hamilton (Mercer)
72.3%
Interstate 195Hamilton (Mercer)
72.3%
Interstate 195Hamilton (Mercer)
72.3%
U.S. Route 206Hamilton (Mercer)
72.3%
U.S. Route 1North Brunswick
71.8%
U.S. Route 1Linden
68%
U.S. Route 9Linden
68%
U.S. Route 46Netcong
67.5%
U.S. Route 46Netcong
67.5%
Interstate 78Bedminster
67.5%
Interstate 78Bedminster
67.5%
Interstate 78Bedminster
67.5%
U.S. Route 202Bedminster
67.5%
U.S. Route 202Bedminster
67.5%
U.S. Route 206Bedminster
67.5%
Interstate 80Teaneck
67%
Interstate 95Bordentown Twp.
65.5%
U.S. Route 130Bordentown Twp.
65.5%
U.S. Route 130Bordentown Twp.
65.5%
U.S. Route 22Clinton Twp.
62.6%
Interstate 95Kearny
62.6%
U.S. Route 9Absecon
61.2%
U.S. Route 40Pennsville
60.7%
U.S. Route 40Pennsville
60.7%
Interstate 95Robbinsville
60.7%
U.S. Route 130Pennsville
60.7%
U.S. Route 9Pleasantville
60.2%
Route Municipality % Correct
U.S. Route 9Pleasantville
60.2%
U.S. Route 30Pennsauken
59.7%
Interstate 80Mount Olive
59.7%
U.S. Route 9Howell
59.2%
Interstate 76Gloucester City
58.7%
Interstate 95Florence
58.7%
U.S. Route 1Palisades Park
58.3%
U.S. Route 9Palisades Park
58.3%
U.S. Route 30Hammonton
58.3%
U.S. Route 46Ridgefield Park
57.8%
U.S. Route 46Roxbury
57.3%
Interstate 80Roxbury
57.3%
U.S. Route 202Mahwah
56.8%
U.S. Route 46Denville
56.3%
U.S. Route 130Logan
54.9%
U.S. Route 130Logan
54.9%
U.S. Route 202Boonton
54.9%
Interstate 295Logan
54.9%
U.S. Route 40Carneys Point
54.4%
U.S. Route 202Montville
53.9%
Interstate 76Bellmawr
53.4%
U.S. Route 30Collingswood
52.9%
U.S. Route 22Greenwich (Warren)
52.4%
U.S. Route 22Pohatcong
51.9%
Interstate 95Mansfield
51.9%
U.S. Route 202Oakland
49.5%
U.S. Route 30Barrington
49%
U.S. Route 130West Deptford
49%
U.S. Route 46Knowlton
47.6%

You're not logged in!

Compare scores with friends on all Sporcle quizzes.
OR
Log In

From the Vault

Broadway Musicals: Before and After

by Visaggi

Singing all of your answers out loud is optional.
Remove Ads.
Support Sporcle.
Get the best of Sporcle when you Go Orange. This ad-free experience offers more features, more stats, and more fun while also helping to support Sporcle. Thank you for becoming a member.

Show Comments

Extras

Top Quizzes Today


Score Distribution

Your Account Isn't Verified!

In order to create a playlist on Sporcle, you need to verify the email address you used during registration. Go to your Sporcle Settings to finish the process.

Report this User

Report this user for behavior that violates our Community Guidelines.

Details: